British Indie Rock Albums - Statistics

General Stats
  • This quiz has been taken 552 times
  • The average score is 6 of 15
Answer Stats
Hint Answer % Correct
Definetly Maybe Oasis
87%
Whatever People Say I Am Thats What I'm Not Arctic Monkeys
85%
Meat is Murder The Smiths
68%
Unknown Pleasures Joy Division
62%
Up The Bracket The Libertines
46%
Second Coming Stone Roses
45%
Psychocandy Jesus and Mary Chain
33%
Ladies and Gentlemen, We Are Floating In Space Spiritualized
26%
Pink Flag Wire
24%
Ocean Rain Echo and the Bunnymen
20%
Loveless My Bloody Valentine
19%
George Best Wedding Present
16%
Nowhere Ride
15%
You Can't Hide Your Love Forever Orange Juice
7%
In The Belly of the Brazen Bull The Cribs
7%
No matching quizzes found
Score Distribution
Percent of People with Each Score
Percentile by Number Answered
Your Score History
You have not taken this quiz